[Event "NZL Ch"]
[Site "Otago"]
[Date "1991.??.??"]
[Round "2"]
[White "Ker, Anthony F"]
[Black "Garbett, Paul A"]
[Result "0-1"]
[WhiteElo "2305"]
[BlackElo "2305"]
[PlyCount "80"]
[EventDate "1991.??.??"]
[Source "www.chesslib.no"]
[SourceDate "2004.05.04"]

1. g4 d6 2. h3 e5 3. Bg2 c6 4. d4 Qb6 5. e3 Nd7 6. b3 Ngf6 7. Bb2 e4 8. d5 Nxd5 9. Bxe4 Qb4+ 10. Nd2 Nc3 11. Qf3 Ne5 12. Qg2 Nxe4 13. Qxe4 Qxe4 14. Nxe4 f5 15. f4 fxe4 16. fxe5 d5 17. Ne2 Bb4+ 18. c3 Bc5 19. Nd4 O-O 20. Ke2 b6 21. c4 dxc4 22. bxc4 Ba6 23. Rac1 Bxd4 24. exd4 Rf3 25. Rc2 Raf8 26. Rh2 Kf7 27. Bc1 b5 28. Rf2 Ke6 29. Be3 bxc4 30. Rc3 R8f7 31. Rxf3 Rxf3 32. Bd2 Kd5 33. Rxf3 c3+ 34. Kd1 exf3 35. Be3 Ke4 36. e6 Bc8 37. e7 Bd7 38. Bg1 Kd3 39. a4 a5 40. g5 c5 0-1

[Event "NZL Ch"]
[Site "Otago"]
[Date "1991.??.??"]
[Round "11"]
[White "Ker, Anthony F"]
[Black "Sutton, Richard John"]
[Result "1/2-1/2"]
[WhiteElo "2305"]
[BlackElo "2295"]
[PlyCount "83"]
[EventDate "1991.??.??"]
[Source "www.chesslib.no"]
[SourceDate "2004.05.04"]

1. g4 d6 2. h3 g6 3. Bg2 Bg7 4. d4 Nd7 5. Nf3 Ngf6 6. Nc3 O-O 7. Bf4 c5 8. d5 b5 9. Qd2 Nb6 10. Nh2 Rb8 11. Nd1 Nc4 12. Qd3 Nd7 13. c3 Nde5 14. Qg3 Bb7 15. g5 f5 16. gxf6 exf6 17. Ng4 f5 18. Nge3 Nb6 19. h4 Qf6 20. h5 Rfe8 21. hxg6 hxg6 22. Rg1 Qf7 23. Bh1 Nxd5 24. Nxd5 Bxd5 25. Bxd5 Qxd5 26. Ne3 Qf7 27. Bxe5 Bxe5 28. Qxg6+ Qxg6 29. Rxg6+ Kf7 30. Rg5 f4 31. Ng4 b4 32. Nxe5+ dxe5 33. O-O-O bxc3 34. bxc3 Kf6 35. Rdg1 Rb6 36. Rg6+ Kf5 37. R6g5+ Ke4 38. Rg8 Rxg8 39. Rxg8 Ra6 40. Kb2 Rb6+ 41. Kc2 Ra6 42. Kb3 1/2-1/2

[Event "Agard"]
[Site "Agard"]
[Date "1976.??.??"]
[Round "6"]
[White "Kadas, Gabor"]
[Black "Sapi, Laszlo"]
[Result "0-1"]
[WhiteElo "2200"]
[BlackElo "2395"]
[PlyCount "58"]
[EventDate "1976.10.??"]
[Source "ChessBase"]

1. g4 d5 2. Bg2 Nc6 3. c4 d4 4. h3 e5 5. d3 Bd6 6. a3 a5 7. b3 Nge7 8. Nd2 Ng6 9. Ne4 Be7 10. Ng3 Nh4 11. Be4 g6 12. Bh6 Rg8 13. Nf3 Be6 14. Bxc6+ bxc6 15. Nxe5 Ra6 16. Nf3 c5 17. Nxh4 Bxh4 18. Bf4 g5 19. Bc1 Bxg3 20. fxg3 Qd6 21. Rg1 Rg6 22. Kd2 a4 23. Rb1 Rb6 24. e4 dxe3+ 25. Kc2 axb3+ 26. Rxb3 Bd7 27. Qf3 Rxb3 28. Qe4+ Re6 29. Qxh7 Rb6 0-1

[Event "Aalborg Open"]
[Site "Aalborg DEN"]
[Date "1995.??.??"]
[Round "7"]
[White "Andersen, Jackie"]
[Black "Christiansen, Arne"]
[Result "0-1"]
[WhiteElo "2345"]
[BlackElo "2250"]
[PlyCount "82"]
[EventDate "1995.??.??"]
[Source "www.chesslib.no"]
[SourceDate "2004.05.04"]

1. g4 d5 2. Bg2 c6 3. h3 e5 4. d3 Be6 5. Nf3 Bd6 6. Nbd2 Ne7 7. b3 O-O 8. Bb2 f6 9. g5 Ng6 10. gxf6 Qxf6 11. e3 Nh4 12. Rg1 a5 13. Qe2 a4 14. Nxh4 Qxh4 15. Nf3 Qf6 16. c4 Nd7 17. Bh1 axb3 18. axb3 Bb4+ 19. Kd1 Rxa1+ 20. Bxa1 Ra8 21. Qb2 g6 22. h4 d4 23. exd4 exd4 24. Nxd4 c5 25. Bxb7 Ra7 26. Nc2 Rxa1+ 27. Qxa1 Qxf2 28. Qa8+ Kg7 29. Nxb4 Qxg1+ 30. Kc2 cxb4 31. Qe8 Qf2+ 32. Kb1 Qe1+ 33. Ka2 Qd2+ 34. Ka1 Qc3+ 35. Ka2 Nf8 36. h5 Qc2+ 37. Ka1 Qxb3 38. h6+ Kg8 39. Be4 Qc3+ 40. Kb1 b3 41. d4 Qe1+ 0-1

[Event "Politiken Cup"]
[Site "Copenhagen"]
[Date "1998.07.07"]
[Round "4"]
[White "Kristensen, Brian"]
[Black "Borge, Nikolaj"]
[Result "0-1"]
[WhiteElo "2185"]
[BlackElo "2390"]
[PlyCount "94"]
[EventDate "1998.07.04"]
[Source "ChessBase"]
[SourceDate "1998.09.09"]

1. g4 c5 2. Bg2 Nc6 3. h3 g6 4. c4 Bg7 5. Nc3 e6 6. d3 Nge7 7. Bf4 d6 8. Nf3 e5 9. Bd2 f5 10. g5 Be6 11. e4 fxe4 12. Nxe4 Nf5 13. h4 Qe7 14. a3 O-O 15. Bc3 b5 16. b3 bxc4 17. bxc4 Nfd4 18. Bxd4 exd4 19. Qc2 Rf4 20. O-O-O Qc7 21. Nf6+ Bxf6 22. gxf6 Qa5 23. Rd2 Rb8 24. Ng5 Qxa3+ 25. Kd1 Bg4+ 26. f3 Bd7 27. Ne4 Ne5 28. Ke2 Rb3 29. h5 Rxe4+ 30. fxe4 Bg4+ 31. Kf2 Bxh5 32. Qa2 Ng4+ 33. Kg3 Rxd3+ 34. Kh4 Nxf6 35. Qxa3 Rxa3 36. Rb1 h6 37. Rb8+ Kf7 38. Rb7+ Ke8 39. Rb8+ Ke7 40. Rb7+ Kd8 41. Rb8+ Kc7 42. Rb7+ Kc8 43. Rg7 g5+ 44. Rxg5 hxg5+ 45. Kxg5 Nd7 46. Kxh5 Ne5 47. Rf2 Kc7 0-1

[Event "Lloyds Bank Open"]
[Site "London ENG"]
[Date "1984.??.??"]
[Round "9"]
[White "Wall, Tim"]
[Black "Upton, Timothy J"]
[Result "0-1"]
[WhiteElo "2220"]
[BlackElo "2340"]
[PlyCount "80"]
[EventDate "1984.08.??"]
[Source "www.chesslib.no"]
[SourceDate "2004.05.04"]

1. g4 e5 2. h3 Ne7 3. d4 exd4 4. Qxd4 Nbc6 5. Qa4 d5 6. Bg2 Be6 7. Nc3 d4 8. Ne4 Nd5 9. Nf3 Bb4+ 10. Bd2 Bxd2+ 11. Nexd2 Nf4 12. Rg1 O-O 13. Nb3 Bd5 14. Kf1 Re8 15. Re1 Qf6 16. g5 Qf5 17. Nbxd4 Nxd4 18. Qxd4 Nxg2 19. Rxg2 Bxf3 20. exf3 Rxe1+ 21. Kxe1 Re8+ 22. Kd2 Qa5+ 23. b4 Qb5 24. Rg1 Qe2+ 25. Kc1 Qxf3 26. h4 g6 27. Rd1 Re4 28. Qf6 Qf4+ 29. Kb1 Rxb4+ 30. Ka1 Qxf6+ 31. gxf6 h5 32. Rd8+ Kh7 33. Rf8 Rxh4 34. Rxf7+ Kh6 35. Rxc7 Rf4 36. f7 Kg7 37. Rxb7 Rxf7 38. Rb4 Rxf2 39. Kb2 g5 40. a4 h4 0-1

[Event "Hastings ENG"]
[Site "?"]
[Date "1995.??.??"]
[Round "?"]
[White "Damm Fabian"]
[Black "Quinn Mark"]
[Result "0-1"]
[WhiteElo "2220"]
[BlackElo "2340"]
[PlyCount "52"]
[EventDate "1995.??.??"]
[Source "www.chesslib.no"]
[SourceDate "2004.05.04"]

1. g4 d5 2. e3 e5 3. Bg2 c6 4. h3 Bd6 5. b3 h5 6. gxh5 Qg5 7. Bf1 Nf6 8. Bb2 Nxh5 9. Nc3 e4 10. Qe2 Ng3 11. fxg3 Bxg3+ 12. Kd1 Bg4 13. hxg4 Rxh1 14. Qg2 Qh4 15. Nce2 Bd6 16. Nh3 Rh2 17. Qg1 Rxh3 18. Bxh3 Qxh3 19. Bxg7 Nd7 20. Nd4 Bh2 21. Qh1 Qxg4+ 22. Kc1 Qxg7 23. Qxh2 c5 24. Qd6 cxd4 25. Qxd5 dxe3 26. Qxe4+ Kd8 0-1

[Event "4th Open, Tanta City EGY"]
[Site "?"]
[Date "2001.??.??"]
[Round "7"]
[White "Ghonimy, S."]
[Black "Frhat, A."]
[Result "1/2-1/2"]
[WhiteElo "2255"]
[BlackElo "2305"]
[PlyCount "73"]
[EventDate "2001.??.??"]
[Source "www.chesslib.no"]
[SourceDate "2004.05.04"]

1. g4 d5 2. Bg2 c6 3. h3 e5 4. d3 f5 5. gxf5 Bxf5 6. Nc3 Nf6 7. e4 dxe4 8. Nxe4 Nxe4 9. dxe4 Qxd1+ 10. Kxd1 Bg6 11. h4 h6 12. Ne2 Na6 13. Ng3 Rd8+ 14. Ke2 Nb4 15. c3 Nd3 16. Rd1 Bf7 17. b3 Nxc1+ 18. Raxc1 Ba3 19. Rxd8+ Kxd8 20. Rd1+ Kc7 21. Bh3 Rd8 22. Rxd8 Kxd8 23. h5 a5 24. Bg4 a4 25. bxa4 Bxa2 26. Nf5 Bf8 27. a5 Bf7 28. Ne3 g6 29. hxg6 Bxg6 30. Nc4 Bxe4 31. Nxe5 Bd5 32. Kd3 Bd6 33. Nc4 Bc7 34. Nb6 Bf7 35. Ke4 h5 36. Bh3 Be8 37. f4 1/2-1/2

[Event "Baden-ch"]
[Site "Leimen"]
[Date "2001.04.14"]
[Round "2"]
[White "Benend, Andreas"]
[Black "Buhmann, Rainer"]
[Result "0-1"]
[WhiteElo "2115"]
[BlackElo "2444"]
[PlyCount "63"]
[EventDate "2001.04.13"]
[Source "ChessBase"]
[SourceDate "2001.07.03"]

1. g4 d5 2. h3 c6 3. Bg2 e5 4. d4 h5 5. gxh5 Nd7 6. c4 dxc4 7. dxe5 Nxe5 8. Qxd8+ Kxd8 9. Nc3 Rxh5 10. Be3 Nf6 11. O-O-O+ Ke8 12. Nf3 Nxf3 13. Bxf3 Rxh3 14. Rxh3 Bxh3 15. Rh1 Be6 16. Rh8 Kd7 17. Bd4 Re8 18. Bxa7 Bc5 19. Rxe8 Bxa7 20. Rxe6 Kxe6 21. e3 Kf5 22. Kd2 Ng4 23. Ke2 Ne5 24. Be4+ Ke6 25. Bc2 g5 26. f4 Ng4 27. fxg5 Nxe3 28. g6 f5 29. Bb1 Kf6 30. Kf3 Kxg6 31. Kf4 Kf6 32. Ne4+ 0-1

[Event "Corr"]
[Site "?"]
[Date "1997.??.??"]
[Round "?"]
[White "Daconto Riccardo"]
[Black "Bellmann Herbert"]
[Result "1/2-1/2"]
[WhiteElo "2400"]
[BlackElo "2155"]
[PlyCount "80"]
[EventDate "1997.??.??"]
[Source "www.chesslib.no"]
[SourceDate "2004.05.04"]

1. g4 d5 2. Bg2 c6 3. e4 dxe4 4. Nc3 Nf6 5. h3 e5 6. Nxe4 Nxe4 7. Bxe4 Be6 8. d3 Nd7 9. Be3 Nf6 10. Bg2 Nd5 11. Qd2 Nxe3 12. Qxe3 Qa5+ 13. Kd1 f6 14. Ne2 Bd5 15. Bxd5 Qxd5 16. Rf1 Bc5 17. Qe4 Qxe4 18. dxe4 h5 19. Nc1 hxg4 20. hxg4 Rh4 21. Nd3 O-O-O 22. Ke2 Bb6 23. Rg1 Rdh8 24. Rg3 a5 25. Rag1 g5 26. c3 a4 27. Rf3 R8h6 28. b3 axb3 29. axb3 Kd7 30. Nb2 Ke6 31. Nc4 Bc7 32. Rfg3 Rh3 33. b4 b5 34. Nd2 Rxg3 35. Rxg3 Rh1 36. c4 bxc4 37. Rc3 Kd7 38. Rxc4 Ra1 39. Kd3 Ra3+ 40. Rc3 Ra4 1/2-1/2

[Event "Lampertheim Int. Open1"]
[Site "?"]
[Date "2000.??.??"]
[Round "?"]
[White "Benend Andreas"]
[Black "Panzalovic Srdjan"]
[Result "0-1"]
[WhiteElo "2107"]
[BlackElo "2447"]
[PlyCount "62"]
[EventDate "2000.??.??"]
[Source "www.chesslib.no"]
[SourceDate "2004.05.04"]

1. g4 d5 2. h3 e5 3. Bg2 Nc6 4. d3 Be6 5. Nd2 Bc5 6. Ngf3 f6 7. e4 Nge7 8. Nh4 Qd7 9. exd5 Nxd5 10. Ne4 Bb6 11. Rg1 O-O-O 12. Bd2 g5 13. Nf5 Bxf5 14. gxf5 Qxf5 15. Bf3 h5 16. Bxh5 Kb8 17. Bg4 Qg6 18. Ng3 Nd4 19. Be3 Nf4 20. Bxd4 Bxd4 21. Bf5 Qe8 22. Qf3 Qb5 23. Rb1 Qa5+ 24. c3 Qxa2 25. Kd2 Bb6 26. Kc2 Qf7 27. Rh1 Rh4 28. c4 Nxd3 29. Bxd3 Rf4 30. Qd1 Rxc4+ 31. Bxc4 Qxc4# 0-1

[Event "Alcobendas Open"]
[Site "Alcobendas"]
[Date "1994.??.??"]
[Round "3"]
[White "Do Brito, Oscar"]
[Black "De la Riva Aguado, Oscar"]
[Result "0-1"]
[WhiteElo "2145"]
[BlackElo "2405"]
[PlyCount "65"]
[EventDate "1994.11.??"]
[Source "www.chesslib.no"]
[SourceDate "2004.05.04"]

1. g4 d5 2. Bg2 c6 3. h3 e5 4. d4 Nd7 5. c4 dxc4 6. Nc3 Qa5 7. Nf3 Bb4 8. Bd2 Qc7 9. O-O Ne7 10. Rc1 O-O 11. a4 Rd8 12. Qc2 exd4 13. Nxd4 Nc5 14. Be3 Ne6 15. Nf5 Ng6 16. Na2 Bf8 17. Qxc4 Nef4 18. Nc3 Nxg2 19. Kxg2 Qa5 20. Nd4 h5 21. f3 Qe5 22. Ne4 Nh4+ 23. Kh1 hxg4 24. hxg4 Bd6 25. Rf2 Bc7 26. Rg1 Ng6 27. Ng5 Rd5 28. Ne4 Bd7 29. b4 Rd8 30. Nb3 Be6 31. Nbc5 Rd1 32. Nxe6 Rxg1+ 33. Kxg1 0-1

[Event "Baden VLN 0102"]
[Site "?"]
[Date "2001.11.11"]
[Round "3.1"]
[White "Benend Andreas"]
[Black "Link Thomas"]
[Result "0-1"]
[WhiteElo "2259"]
[BlackElo "2290"]
[PlyCount "86"]
[EventDate "2001.??.??"]
[Source "www.chesslib.no"]
[SourceDate "2004.05.04"]

1. g4 d5 2. h3 h5 3. Bg2 hxg4 4. hxg4 Rxh1 5. Bxh1 Qd6 6. Bg2 Bxg4 7. c4 c6 8. cxd5 Nf6 9. Qb3 Nxd5 10. Bxd5 cxd5 11. Qxb7 Qc6 12. Qxc6+ Nxc6 13. f3 Bf5 14. Nc3 d4 15. e4 dxc3 16. exf5 Nd4 17. Kf2 cxb2 18. Bxb2 Nxf5 19. Ne2 Kd7 20. Nd4 Rb8 21. Bc3 Nxd4 22. Bxd4 a6 23. Rg1 f6 24. f4 Ke6 25. Rc1 Kd5 26. Be3 e6 27. Rc3 Rb2 28. Rc8 Bd6 29. Rg8 Rxa2 30. Rxg7 a5 31. Rf7 f5 32. Ra7 a4 33. Ke2 Bb4 34. Kd3 a3 35. Ra4 Rb2 36. Ra8 a2 37. Rd8+ Kc6 38. Ra8 Rb3+ 39. Kc4 Ra3 40. Rxa3 Bxa3 41. Bd4 Bd6 42. Kb3 Bxf4 43. d3 Kd5 0-1

[Event "SVK Ch"]
[Site "Topolcianky"]
[Date "1993.??.??"]
[Round "11"]
[White "Koval, David W"]
[Black "Cimra, Jozef"]
[Result "1/2-1/2"]
[WhiteElo "2245"]
[BlackElo "2300"]
[PlyCount "30"]
[EventDate "1993.??.??"]
[Source "www.chesslib.no"]
[SourceDate "2004.05.04"]

1. g4 Na6 2. Bg2 Nb4 3. g5 h6 4. d3 Rb8 5. Kf1 d5 6. a4 Qd6 7. a5 Qa6 8. h4 Be6 9. Be3 f5 10. f3 g6 11. Nh3 Rh7 12. Nd2 Rf7 13. Nf2 Bg7 14. c3 d4 15. cxd4 Bd5 1/2-1/2

[Event "NZL Ch"]
[Site "Otago"]
[Date "1991.??.??"]
[Round "6"]
[White "Ker, Anthony F"]
[Black "Smith, Robert W"]
[Result "1/2-1/2"]
[WhiteElo "2305"]
[BlackElo "2240"]
[PlyCount "50"]
[EventDate "1991.??.??"]
[Source "www.chesslib.no"]
[SourceDate "2004.05.04"]

1. g4 e5 2. h3 d5 3. Bg2 Nc6 4. c4 d4 5. d3 Nge7 6. Bg5 Qd6 7. Nd2 Ng6 8. a3 Be7 9. Ne4 Qd8 10. Bxe7 Qxe7 11. Ng3 Nh4 12. Be4 g6 13. Qd2 h6 14. Nf3 a5 15. O-O-O Bd7 16. e3 Nxf3 17. Bxf3 a4 18. Bxc6 Bxc6 19. Rhe1 O-O-O 20. exd4 Rxd4 21. Qe3 Qg5 22. Kc2 Re8 23. Qxg5 hxg5 24. Ne4 Bxe4 25. Rxe4 f6 1/2-1/2

[Event "Independence Cup A"]
[Site "?"]
[Date "2005.08.14"]
[Round "3"]
[White "Vovk Orest"]
[Black "Dolzhikova Kateryna"]
[Result "1/2-1/2"]
[WhiteElo "2296"]
[BlackElo "2248"]
[PlyCount "87"]
[EventDate "2005.??.??"]
[Source "www.chesslib.no"]
[SourceDate "2004.05.04"]

1. g4 d5 2. Bg2 c6 3. h3 e5 4. d4 e4 5. c4 h5 6. Nc3 hxg4 7. cxd5 cxd5 8. Qb3 Nc6 9. Qxd5 Qxd5 10. Nxd5 Nxd4 11. Bxe4 Bd6 12. Be3 Bf5 13. Bxf5 Nxf5 14. Rd1 Nge7 15. Bf4 Rd8 16. Nc7+ Bxc7 17. Bxc7 Rxd1+ 18. Kxd1 Kd7 19. Bf4 Ng6 20. Bd2 Ke6 21. Rh2 Kd5 22. Rg2 gxh3 23. Rh2 Nd6 24. Rxh3 Rxh3 25. Nxh3 Ne4 26. Be1 f6 27. f3 Nd6 28. Bg3 Nc4 29. Kc1 Nce5 30. b3 Ne7 31. Nf4+ Kd6 32. Nd3 N7c6 33. Kd2 b6 34. Ke3 Ke6 35. Nf4+ Kf7 36. Nd5 Ke6 37. Nc7+ Kd7 38. Nb5 a6 39. Nc3 Ke6 40. Ne4 Nd7 41. Nc3 Nde5 42. Na4 Nd7 43. Be1 g5 44. Nc3 1/2-1/2

[Event "NZL Ch"]
[Site "Otago"]
[Date "1991.??.??"]
[Round "4"]
[White "Ker, Anthony F"]
[Black "Dreyer, Martin"]
[Result "0-1"]
[WhiteElo "2305"]
[BlackElo "2235"]
[PlyCount "148"]
[EventDate "1991.??.??"]
[Source "www.chesslib.no"]
[SourceDate "2004.05.04"]

1. g4 e5 2. h3 Nc6 3. c4 d6 4. Nc3 Be6 5. d3 Nge7 6. Bg2 g6 7. Bg5 Bg7 8. Nd5 h6 9. Be3 f5 10. gxf5 Nxf5 11. Qd2 Ncd4 12. Bxd4 Nxd4 13. e3 Nf5 14. Nf3 c6 15. Nc3 O-O 16. O-O-O Qa5 17. Kb1 Rab8 18. b3 b5 19. cxb5 cxb5 20. e4 Ne7 21. Nd5 Qxd2 22. Nxe7+ Kf7 23. Rxd2 Kxe7 24. Rc1 Rbc8 25. Rdc2 Rxc2 26. Rxc2 Kd7 27. Kc1 Bf6 28. Kd1 g5 29. Nh2 h5 30. Ke1 Bd8 31. Nf1 Ba5+ 32. Ke2 Bb6 33. Ke1 Ba5+ 34. Ke2 Bb6 35. Ke1 g4 36. hxg4 Bxg4 37. Nh2 Be6 38. Nf3 Bd8 39. d4 Bg4 40. Nh2 Ba5+ 41. Kf1 exd4 42. Nxg4 d3 43. Rc1 hxg4 44. Rd1 d2 45. Ke2 Bc3 46. f3 gxf3+ 47. Bxf3 Kc7 48. Ke3 Kb6 49. Be2 Rh8 50. Bg4 Kc5 51. Kd3 b4 52. Rf1 Rg8 53. Rf5+ Kb6 54. Bd1 Rg3+ 55. Kc2 Re3 56. Rd5 Kc6 57. Ra5 Kb6 58. Rd5 Kc7 59. Ra5 Rxe4 60. Rxa7+ Kb6 61. Rd7 Rd4 62. a4 d5 63. Rg7 Re4 64. Rg4 Re3 65. Rg8 Kc7 66. Rg5 d4 67. Rd5 Re1 68. a5 Kc6 69. Rd8 Kb5 70. Rd5+ Ka6 71. Rd6+ Kxa5 72. Rd5+ Kb6 73. Rd6+ Kc7 74. Rd5 Rg1 0-1

[Event "Copenhagen Open"]
[Site "Copenhagen DEN"]
[Date "1989.??.??"]
[Round "4"]
[White "Thuesen, Mogens"]
[Black "Auchenberg, Per"]
[Result "0-1"]
[WhiteElo "2295"]
[BlackElo "2245"]
[PlyCount "76"]
[EventDate "1989.06.??"]
[Source "www.chesslib.no"]
[SourceDate "2004.05.04"]

1. g4 d5 2. Bg2 c6 3. e4 Nf6 4. h3 Nxe4 5. Bxe4 dxe4 6. Nc3 h5 7. gxh5 Qa5 8. Nxe4 Qxh5 9. Qxh5 Rxh5 10. Ng3 Rh8 11. b3 c5 12. h4 Nc6 13. Bb2 Nb4 14. O-O-O Nxa2+ 15. Kb1 Nb4 16. h5 b6 17. Rh4 Bb7 18. Nh3 Rd8 19. d3 Nd5 20. Re1 f6 21. f4 Kf7 22. f5 Rd6 23. c4 Nb4 24. d4 e6 25. fxe6+ Rxe6 26. Rxe6 Kxe6 27. Nf4+ Kf7 28. Ng6 Rg8 29. d5 Bc8 30. Nxf8 Rxf8 31. Re4 Nd3 32. Bc3 Re8 33. Kc2 Ne5 34. Rf4 Ng4 35. Ne4 Rxe4 36. Rxe4 Bf5 37. Kd3 Nf2+ 38. Ke3 Nxe4 0-1

[Event "Kurass Memorial Open"]
[Site "?"]
[Date "2000.??.??"]
[Round "3"]
[White "Vovk Oksana"]
[Black "Kernazhitsky Leonid"]
[Result "0-1"]
[WhiteElo "2081"]
[BlackElo "2444"]
[PlyCount "85"]
[EventDate "2000.??.??"]
[Source "www.chesslib.no"]
[SourceDate "2004.05.04"]

1. g4 d5 2. Bg2 Bxg4 3. c4 c6 4. Qb3 Qb6 5. cxd5 Qxb3 6. axb3 cxd5 7. Bxd5 Nc6 8. Bxc6+ bxc6 9. Ra6 Bc8 10. Ra4 e5 11. Na3 Be6 12. Nc4 f6 13. d3 Ne7 14. Nd6+ Kd7 15. Nc4 Nc8 16. f4 exf4 17. Bxf4 Nb6 18. Ra6 Nd5 19. Bd2 Bc5 20. e4 Nc7 21. Ra5 Nb5 22. Nf3 Bh3 23. b4 Bg2 24. bxc5 Bxh1 25. Ng1 Rhe8 26. Kf2 f5 27. exf5 Rf8 28. Nh3 Rae8 29. Nd6 Rb8 30. Nxb5 cxb5 31. Kg1 Bc6 32. Rxa7+ Rb7 33. Ra3 Rxf5 34. d4 Ke8 35. Ra8+ Kf7 36. Ng5+ Kg6 37. Ra6 Rf6 38. Nh3 Rd7 39. Nf4+ Kf5 40. Nh5 Rg6+ 41. Ng3+ Kg4 42. Be3 h5 43. Rxc6 0-1

[Event "Open"]
[Site "?"]
[Date "1998.??.??"]
[Round "?"]
[White "Basman Michael J"]
[Black "Maduekwe Chiedu"]
[Result "1-0"]
[WhiteElo "2350"]
[BlackElo "2170"]
[PlyCount "50"]
[EventDate "1998.??.??"]
[Source "www.chesslib.no"]
[SourceDate "2004.05.04"]

1. g4 d5 2. h3 e5 3. Bg2 Nc6 4. d3 Be6 5. Nf3 f6 6. c3 Qd7 7. Nbd2 g5 8. Nf1 h5 9. gxh5 Rxh5 10. Ng3 Rh8 11. Qa4 Nge7 12. Bd2 Ng6 13. c4 Nh4 14. Nxh4 Rxh4 15. Qb5 a6 16. Qxb7 Rb8 17. Qxa6 Nd4 18. cxd5 Nc2+ 19. Kd1 Nxa1 20. dxe6 Qd6 21. Qxd6 Bxd6 22. Bc3 Rf4 23. Kd2 Nb3+ 24. axb3 Rxb3 25. Bd5 Rb8 1-0

[Event "Charlton Open"]
[Site "Charlton"]
[Date "1983.??.??"]
[Round "8"]
[White "Wicker, Kevin J"]
[Black "Fayard, Alain"]
[Result "1-0"]
[WhiteElo "2280"]
[BlackElo "2240"]
[PlyCount "53"]
[EventDate "1983.??.??"]
[Source "www.chesslib.no"]
[SourceDate "2004.05.04"]

1. g4 d5 2. h3 e5 3. d3 Bc5 4. Nc3 c6 5. Nf3 f6 6. e4 Ne7 7. exd5 cxd5 8. d4 Bd6 9. dxe5 fxe5 10. Bb5+ Nbc6 11. Bg5 d4 12. Ne4 Bc7 13. Qe2 O-O 14. O-O-O Be6 15. Bxc6 bxc6 16. Rhe1 Bd5 17. Ned2 Bxf3 18. Nxf3 Qd5 19. Nxe5 Qxa2 20. Bxe7 Qa1+ 21. Kd2 Ba5+ 22. Kd3 Qxb2 23. Bxf8 Rxf8 24. Rb1 Qc3+ 25. Ke4 Re8 26. f4 Qxh3 27. Rb8 1-0

[Event "NZL Ch"]
[Site "New Zealand"]
[Date "1985.??.??"]
[Round "?"]
[White "Ker, Anthony F"]
[Black "Garbett, Paul A"]
[Result "1-0"]
[WhiteElo "2200"]
[BlackElo "2310"]
[PlyCount "101"]
[EventDate "1985.??.??"]
[Source "www.chesslib.no"]
[SourceDate "2004.05.04"]

1. g4 e5 2. d3 Nc6 3. Bg2 d6 4. e4 Be6 5. Nc3 Nge7 6. h3 Ng6 7. Be3 Nh4 8. Bf1 d5 9. exd5 Bxd5 10. Ne4 Be7 11. Qe2 Qd7 12. Nf3 Nxf3+ 13. Qxf3 O-O-O 14. Rg1 Nd4 15. Qd1 Qb5 16. Bxd4 exd4 17. Qc1 g6 18. a3 f5 19. gxf5 gxf5 20. Nd2 Rhg8 21. Rxg8 Rxg8 22. c4 dxc3 23. Qxc3 Qb6 24. Nc4 Qe6+ 25. Ne5 Bg5 26. d4 Bf4 27. Ke2 Rg1 28. b3 Bxe5 29. dxe5 Bxb3 30. Rc1 c6 31. Qc5 Ba4 32. f4 Qa2+ 33. Ke1 Qg8 34. Rc3 Kb8 35. Rd3 Rxf1+ 36. Kxf1 Bb5 37. Qd6+ Ka8 38. Kf2 Bxd3 39. Qxd3 Qf8 40. Qd7 Qc5+ 41. Kg2 Qc2+ 42. Kg3 a6 43. Kh4 h6 44. e6 Qc4 45. Kh5 Ka7 46. Kg6 Qb3 47. e7 Qg8+ 48. Kf6 Qh8+ 49. Ke6 Qg8+ 50. Kd6 Qb8+ 51. Kc5 1-0

[Event "20th Belgrade Trophy"]
[Site "Belgrade SRB"]
[Date "2007.11.22"]
[Round "1"]
[White "Djukic, Milor"]
[Black "Popovic, Milo2"]
[Result "0-1"]
[WhiteElo "2085"]
[BlackElo "2419"]
[PlyCount "76"]
[EventDate "2007.11.22"]
[Source "www.chesslib.no"]
[SourceDate "2004.05.04"]

1. g4 g6 2. Bg2 Bg7 3. h4 c6 4. d4 d5 5. g5 Bf5 6. h5 Qb6 7. c3 gxh5 8. Rxh5 Bg6 9. Rh1 Nd7 10. Nf3 O-O-O 11. Qb3 Qc7 12. c4 dxc4 13. Qxc4 Nb6 14. Qb3 e6 15. Nc3 Ne7 16. e3 h6 17. Bd2 hxg5 18. Rxh8 Rxh8 19. Nxg5 Qh2 20. Bf1 Qg1 21. Nf3 Qg4 22. Qd1 Rh1 23. Ne5 Qh3 24. Qe2 Bxe5 25. dxe5 Bh5 26. O-O-O Bxe2 27. Bxh3 Bxd1 28. Bg2 Rg1 29. Nxd1 Rxg2 30. b3 Nd7 31. Bc3 Ng6 32. f4 Nc5 33. Bd4 Nd3+ 34. Kb1 Rd2 35. Nc3 c5 36. Ne4 cxd4 37. Nxd2 dxe3 38. Nf3 e2 0-1

[Event "It Open"]
[Site "Neuwied GER"]
[Date "1994.??.??"]
[Round "?"]
[White "Mauvary Etienne"]
[Black "Szenetra, Werner"]
[Result "0-1"]
[WhiteElo "2225"]
[BlackElo "2260"]
[PlyCount "74"]
[EventDate "1994.??.??"]
[Source "www.chesslib.no"]
[SourceDate "2004.05.04"]

1. g4 d5 2. e3 c5 3. b4 cxb4 4. a3 e5 5. axb4 Bxb4 6. c3 Bd6 7. Na3 Nc6 8. Nb5 Bb8 9. h4 Nge7 10. f4 exf4 11. exf4 Bxf4 12. Qf3 Bb8 13. d4 O-O 14. Bd3 Qd7 15. Be2 f5 16. g5 f4 17. Nh3 Ng6 18. Nf2 Nge5 19. dxe5 Nxe5 20. Qh3 Qe8 21. Qf1 f3 22. Ba3 Rf7 23. O-O-O fxe2 24. Qxe2 Bd7 25. Nd6 Bxd6 26. Bxd6 Nc4 27. Qxe8+ Rxe8 28. Bc5 b6 29. Bd4 Re2 30. Nd3 Bf5 31. h5 Be4 32. Rh3 Rf3 33. Rxf3 Bxf3 34. Rg1 Be4 35. Rg3 a5 36. h6 g6 37. Ne5 Re1# 0-1

[Event "Oberliga Ost-B 9900"]
[Site "?"]
[Date "2000.04.09"]
[Round "11.3"]
[White "Chandler Patrick"]
[Black "Cordes Hans Joerg"]
[Result "1/2-1/2"]
[WhiteElo "2192"]
[BlackElo "2291"]
[PlyCount "20"]
[EventDate "2000.??.??"]
[Source "www.chesslib.no"]
[SourceDate "2004.05.04"]

1. g4 d5 2. h3 e5 3. d3 Nc6 4. Bg2 Be6 5. Nc3 Bc5 6. e4 Nge7 7. Nf3 d4 8. Ne2 f6 9. Ng3 Bb4+ 10. Bd2 Bxd2+ 1/2-1/2

[Event "2. Open"]
[Site "?"]
[Date "2004.08.13"]
[Round "1"]
[White "Vila Cairo Gerard"]
[Black "Movsziszian Karen"]
[Result "0-1"]
[WhiteElo "1985"]
[BlackElo "2497"]
[PlyCount "66"]
[EventDate "2004.??.??"]
[Source "www.chesslib.no"]
[SourceDate "2004.05.04"]

1. g4 e5 2. Bg2 Nc6 3. c4 d6 4. h3 h5 5. gxh5 Nf6 6. h6 g6 7. d3 Nh5 8. Nc3 Bxh6 9. Bxh6 Rxh6 10. Qd2 Nf4 11. Bf3 Nd4 12. O-O-O c6 13. Rh2 Be6 14. Bh1 Bf5 15. Ne4 d5 16. e3 dxe4 17. exf4 exd3 18. Re1 Kf8 19. fxe5 Rh4 20. f4 a5 21. Be4 Nc2 22. Bxf5 Nxe1 23. Qxe1 gxf5 24. Qg3 Qd4 25. Qxh4 Qxg1+ 26. Kd2 Qxh2+ 27. Kxd3 Qg2 28. Qh8+ Qg8 29. Qf6 Qg3+ 30. Kc2 Re8 31. Qd6+ Kg8 32. Qd7 Qg2+ 33. Kd1 Qf1+ 0-1

[Event "Lorca V Narciso Yepes Memorial"]
[Site "?"]
[Date "2004.06.26"]
[Round "2"]
[White "Belezky Sasha"]
[Black "Garcia Gata Jorge David"]
[Result "1-0"]
[WhiteElo "2413"]
[BlackElo "2064"]
[PlyCount "97"]
[EventDate "2004.??.??"]
[Source "www.chesslib.no"]
[SourceDate "2004.05.04"]

1. g4 d5 2. Bg2 e5 3. h3 Bc5 4. e3 Nc6 5. Ne2 Nge7 6. d4 Bd6 7. Nbc3 e4 8. f3 exf3 9. Bxf3 O-O 10. O-O h5 11. Nf4 hxg4 12. hxg4 Be6 13. Qe2 Bxf4 14. exf4 Nxd4 15. Qd3 Nxf3+ 16. Qxf3 f5 17. Qe2 Bf7 18. Be3 d4 19. Rad1 c5 20. Bc1 Re8 21. Qh2 Qb6 22. Na4 Qc6 23. b3 b5 24. Nb2 Qh6 25. Qxh6 gxh6 26. g5 Nd5 27. gxh6 Kh7 28. Nd3 Nc3 29. Rde1 Ne2+ 30. Kf2 Nxc1 31. Rxc1 Rac8 32. Ne5 Bd5 33. Rg1 Rg8 34. Rg5 Be4 35. Rcg1 Rxg5 36. fxg5 Bxc2 37. Rh1 f4 38. Kf3 Bg6 39. Nd7 c4 40. Re1 c3 41. Re7+ Kh8 42. Ne5 Bh5+ 43. Ke4 c2 44. g6 c1=Q 45. Rh7+ Kg8 46. Rg7+ Kf8 47. Nd7+ Ke8 48. Nf6+ Kf8 49. Rf7# 1-0